000 00393 a2200169 4500
001 156776
020 _a9788526295513
040 _cEscola São Tomás de Aquino
100 _aMELO, Chico Homem de
240 1 0 _aO outro nome do bicho
_lpor
245 1 0 _aO outro nome do bicho
300 _a32 p.
362 0 _a2015
440 1 _aScipione
697 _a*LITERATURA INFANTIL
942 _cBK
999 _c156776
_d156776